000 00875nam a22002297a 4500
999 _c325
_d325
003 AR-CdUCM
008 190223b ||||| |||| 00| 0 spa d
020 _a9972-753-09-3
040 _aMUNICIPALIDAD PROVINCIAL DEL CUSCO
_cBIBLIOTECA MUNICIPAL DEL CUSCO
082 _a869.56 /
_bV67
100 _aVillena Aguirre, Arturo
_91322
245 _aEn el fin de las fronteras /
260 _aPerú :
_bHozlo,
_c1999.
300 _a322 páginas ;
_c25 cm.
505 _aContenido: Novela sobre la vida de un grupo de profesores universitarios, becados en los EE.UU de Norteamérica, discurriendo en la periferia de lo que el autor denomina frontera cultural.
650 _aNarrativa contemporánea
_9227
650 _aAutor Cusqueño
_91323
650 _aArturo Villena Aguirre
_91324
650 _aNarrativa Peruana
_9226
942 _2ddc
_cLIBROS
945 _alccs
_d2019-02-23